Mega-Sorting Gallery: Miscellaneous Quiz Stats

 Plays Quiz Updated Jun 26, 2018

Score 0/100 Timer 10:00
1 Play Today
% Correct
East
96.5%
South
96.4%
North
96.4%
West
96.3%
General Motors
96.1%
Ford
95.7%
Black
95.3%
White
93.9%
Bulldog
93.3%
Harvard
93.1%
Beagle
93%
Dalmatian
93%
Emily
92.9%
Ashley
92.8%
Emma
92.8%
Physics
92.7%
Chemistry
92.7%
Rottweiler
92.6%
Dachshund
92.4%
Physiology or Medicine
92.4%
Economic Sciences
92.4%
Abigail
92.3%
Literature
92.3%
Poodle
92.3%
Princeton
92.2%
Boxer
92.2%
Elizabeth
92.1%
Great Dane
92%
Columbia
91.7%
University of Pennsylvania
91.5%
Japan
91.4%
Yale
91.4%
Germany
91.3%
United Kingdom
91.3%
% Correct
United States
91.1%
Wendy's
91.1%
Texas Roadhouse
91.1%
Italy
91%
Canada
91%
Dartmouth
91%
Hannah
90.8%
France
90.8%
Swoosh
90.8%
Sweet
90.8%
Domino's
90.7%
Lettuce
90.7%
Cheese
90.7%
P.F. Chang's
90.5%
Sour
90.5%
Bitter
90.5%
Autumn
90.5%
Tesla
90.4%
Olive Garden
90.4%
Summer
90.3%
Russia
90.3%
Onions
90.3%
Winter
90.3%
Salty
90.2%
Spring
90.2%
Pickles
90.2%
Sesame Seed Bun
90.2%
Isosceles
90%
Red Lobster
89.9%
Equilateral
89.8%
Bricks
89.7%
Isabella
89.7%
Two All-beef Patties
89.5%
Acute
89.5%
% Correct
Fruits
89.5%
Cornell
89.4%
Obtuse
89.3%
Special Sauce
89.2%
Straw
89%
Dairy
89%
Peace
88.9%
Olivia
88.8%
Sticks
88.6%
Samantha
87.6%
Madison
87.5%
One
87.4%
Vegetables
86.9%
Cracker Barrel
86.9%
Subway
86.7%
Scalene
86.5%
Akita
84.3%
Grains
84.1%
Right
83.8%
Brown
83.3%
Think
81.8%
Different
79.8%
Protein
79.5%
Palm Tree
79.4%
Bee
78.5%
Ice Cream Cone
76.9%
Fish
76.7%
Spoon
76.1%
Chili Pepper
72.8%
Umami
71.7%
Qdoba
66.7%
DNA
65.5%

You're not logged in!

Compare scores with friends on all Sporcle quizzes.
OR
Log In

Sporcle TV

Today on Sporcle TV


Watch our educational content, quiz creation guides, and fun videos on Sporcle TV.

Show Comments

Extras

Top Quizzes Today


Score Distribution

Your Account Isn't Verified!

In order to create a playlist on Sporcle, you need to verify the email address you used during registration. Go to your Sporcle Settings to finish the process.

Report this User

Report this user for behavior that violates our Community Guidelines.

Details: